00257nam a2200097Ia 4500008004000000082001800040100002300058245002700081260004300108300000800151210210b1971 xxu||||| |||| 00| 0 eng d a324.2092 REGG aREGO (Aloysius G). aGandhi points the way. aAllahabadbBetter yourself booksc1971 a112